1471 1585 1790 1879 1778 1944 1808 1018 1603 1273 1787 1588 1132 1433 1479 1491 1809 1887 1664 1667 1109 1113 1394 1939 1950 1263 1283 1101 1650 1528 1009 1078 1095 1416 1731 1202 1695 1758 1447 1086 1908 1133 1200 1607 1770 1978 1154 1597 1020 1008 1097 1591 1526 1881 1045 1370 1316 1144 1739 1366 1887 1288 1400 1289 1898 1171 1508 1787 1112 1006 1634 1110 1882 1466 1006 1129 1176 1933 1301 1998 1519 1194 1933 1060 1647 1201 1445 1230 1567 1947 1530 1466 1492 1283 1620 1993 1450 1167 1167 BCNSPRNW ULIB Ver.6.0+V

เปลี่ยนเป็นภาษาไทย

Change to English
 แสดงรายละเอียดบรรณานุกรม
  กลับหน้าหลัก

Brief Record : Get Marc (ISO 2709) : E-mail record : QR code < ปิดหน้าต่าง
LEADER : 00000nam 2200000uu 4500
001    13399113582
003     ULIB
008    111201s2553||||th 000 0 tha d
020    ^a9786165000482
090    ^aนว.^bณ429ญ 2553
100 0  ^aณารา
245 00 ^aญาณสื่อรัก/^cณารา
250    ^aพิมพ์ครั้งที่ 2
260    ^aกรุงเทพฯ :^bพิมพ์คำ,^c2553
300    ^a435 หน้า
710 1  ^aพิมพ์คำ
945    ^p270^l0^i16993
995    ^aกัณชพร
999    ^aใช้งานได้ทุกระบบ
รายการนี้ยังไม่มีแท็ก
คุณยังไม่ได้ล็อกอิน คุณสามารถมีกิจกรรมร่วมกับเว็บไซต์ได้ แต่ต้องล็อกอินก่อน ::
  ล็อกอิน

รายการสื่อสารสนเทศ

ลำดับที่ ประเภท เลขเรียก/บาร์โค้ด สถานที่ สถานะ
1. วิทยาศาสตร์การแพทย์ และสุขภาพ
วิทยาศาสตร์การแพทย์ และสุขภาพ
นว. ณ429ญ 2553  
  Barcode: 16993
ห้องสมุดวิทยาเขตสวรรค์ประชารักษ์
►นวนิยาย
บนชั้น
  ขอยืม

รายการใกล้เคียง
    ผู้แต่ง [ณารา]

BibComment


ยังไม่เคยถูกคอมเมนท์

คอมเมนท์ทรัพยากรรายการนี้
  คอมเมนท์: ญาณสื่อรัก ณารา


 Copyright 2026. Bcnsprnw @Library